Every Overwatch Hero Release By Order - Statistics

General Stats
  • This quiz has been taken 89 times
    26 since last reset
  • The average score is 19 of 30
Answer Stats
Release Date Hero % Correct
July 19th 2016 Ana
80%
February 10th 2026 Anran
80%
February 10th 2026 Emre
80%
February 10th 2026 Jetpack Cat
80%
April 14th 2026 Sierra
80%
February 10th 2026 Domina
70%
April 14th 2020 Echo
70%
October 4th 2022 Kiriko
70%
February 10th 2026 Mizuki
70%
August 13th 2019 Sigma
70%
April 26th 2022 Sojourn
70%
November 15th 2016 Sombra
70%
April 16th 2024 Venture
70%
March 19th 2019 Baptiste
60%
March 20th 2018 Brigitte
60%
July 27th 2017 Doomfist
60%
December 10th 2024 Hazard
60%
June 28th 2022 Junker Queen
60%
April 11th 2023 Lifeweaver
60%
December 5th 2023 Mauga
60%
December 6th 2022 Ramattra
60%
December 9, 2025 Vendetta
60%
November 13th 2018 Ashe
50%
April 22nd 2025 Freja
50%
August 20th 2024 Juno
50%
March 21st 2017 Orisa
50%
July 24th 2018 Wrecking Ball
50%
August 26th 2025 Wuyang
50%
August 10th 2023 Illari
40%
November 16th 2017 Moira
40%
No matching quizzes found
Score Distribution
Percent of People with Each Score
Percentile by Number Answered
Your Score History
You have not taken this quiz since the last reset